00417nam a2200181Ia 4500003000400000005001700004008004100021020001800062040000700080041000800087082001900095100001500114245003300129250000600162260003600168300001800204365001300222OSt20230405150749.0210423s2009 xx 000 0 und d a9788126515547 cAL aeng a546 223bLEEJ aLEE (J D). aConcise inorganic chemistry. a5 aNew DelhibWiley and Sonsc2009 axxxv,1032bPB b575cINR